[Event "British Rapidplay Championship 2023"]
[Site "Mercure Bradford, Bankfield Hotel"]
[Date "2023.04.15"]
[Round "6.29"]
[White "Sasikumar, Srivathsan"]
[Black "Jones, Simon"]
[Result "1-0"]
[TimeControl "All moves in 15 minutes plus 10 second increment per move from move 1"]
[WhiteElo "1628"]
[BlackElo "1336"]

1. e4 {[%clk 00:15:17]} {[%emt 00:00:02]} c6 {[%clk 00:15:17]} {[%emt
00:00:03]} 2. d4 {[%clk 00:15:22]} {[%emt 00:00:06]} d5 {[%clk 00:15:24]}
{[%emt 00:00:03]} 3. exd5 {[%clk 00:15:27]} {[%emt 00:00:05]} cxd5 {[%clk
00:15:24]} {[%emt 00:00:10]} 4. c4 {[%emt 00:00:05]} Nf6 {[%clk 00:15:14]}
{[%emt 00:00:18]} 5. Nc3 {[%clk 00:15:34]} {[%emt 00:00:10]} e6 {[%clk
00:15:06]} {[%emt 00:00:18]} 6. Nf3 {[%clk 00:15:11]} {[%emt 00:00:33]} g6
{[%clk 00:14:27]} {[%emt 00:00:49]} 7. Bg5 {[%clk 00:15:07]} {[%emt 00:00:14]}
Bg7 {[%clk 00:13:49]} {[%emt 00:00:48]} 8. c5 {[%clk 00:14:56]} {[%emt
00:00:21]} O-O {[%clk 00:13:39]} {[%emt 00:00:20]} 9. Be2 {[%clk 00:14:47]}
{[%emt 00:00:17]} b6 {[%clk 00:13:21]} {[%emt 00:00:29]} 10. b4 {[%clk
00:14:42]} {[%emt 00:00:15]} a5 {[%clk 00:12:35]} {[%emt 00:00:57]} 11. a3
{[%clk 00:14:26]} {[%emt 00:00:26]} Qc7 {[%clk 00:11:09]} {[%emt 00:01:36]} 12.
O-O {[%clk 00:13:52]} {[%emt 00:00:44]} Bd7 {[%clk 00:10:56]} {[%emt 00:00:23]}
13. Qd2 {[%clk 00:13:12]} {[%emt 00:00:49]} Na6 {[%clk 00:09:57]} {[%emt
00:01:10]} 14. b5 {[%clk 00:13:01]} {[%emt 00:00:21]} Nb8 {[%clk 00:09:29]}
{[%emt 00:00:38]} 15. Bf4 {[%clk 00:11:45]} {[%emt 00:01:26]} Qd8 {[%clk
00:08:35]} {[%emt 00:01:04]} 16. c6 {[%clk 00:11:44]} {[%emt 00:00:10]} Bxc6
{[%clk 00:07:45]} {[%emt 00:01:01]} 17. bxc6 {[%clk 00:11:27]} {[%emt
00:00:27]} Nxc6 {[%clk 00:07:51]} {[%emt 00:00:03]} 18. Rac1 {[%clk 00:11:30]}
{[%emt 00:00:07]} a4 {[%clk 00:07:35]} {[%emt 00:00:26]} 19. Nb5 {[%clk
00:11:21]} {[%emt 00:00:19]} Ne4 {[%clk 00:06:50]} {[%emt 00:00:55]} 20. Qb2
{[%clk 00:10:33]} {[%emt 00:00:54]} Na5 {[%clk 00:05:42]} {[%emt 00:01:22]} 21.
Bc7 {[%clk 00:09:28]} {[%emt 00:01:15]} Qe7 {[%clk 00:04:51]} {[%emt 00:01:02]}
22. Bd3 {[%clk 00:08:37]} {[%emt 00:01:00]} Nb3 {[%clk 00:04:36]} {[%emt
00:00:25]} 23. Rc2 {[%clk 00:07:29]} {[%emt 00:01:18]} f5 {[%clk 00:03:33]}
{[%emt 00:01:13]} 24. Bxe4 {[%clk 00:07:29]} {[%emt 00:00:10]} fxe4 {[%clk
00:03:11]} {[%emt 00:00:32]} 25. Bd6 {[%clk 00:06:52]} {[%emt 00:00:47]} Qf6
{[%clk 00:02:40]} {[%emt 00:00:42]} 26. Bxf8 {[%clk 00:06:44]} {[%emt
00:00:17]} Rxf8 {[%clk 00:02:48]} {[%emt 00:00:02]} 27. Nd2 {[%clk 00:06:27]}
{[%emt 00:00:25]} e3 {[%clk 00:01:58]} {[%emt 00:01:03]} 28. Nxb3 {[%clk
00:05:54]} {[%emt 00:00:42]} axb3 {[%clk 00:01:04]} {[%emt 00:01:02]} 29. Qxb3
{[%clk 00:06:02]} {[%emt 00:00:05]} Qh4 {[%clk 00:00:56]} {[%emt 00:00:18]} 30.
Qxe3 {[%clk 00:05:54]} {[%emt 00:00:17]} Rxf2 {[%clk 00:00:00]} {[%emt
00:01:01]} 31. Qxf2 {[%clk 00:05:54]} {[%emt 00:00:10]} 1-0

[Event "British Rapidplay Championship 2023"]
[Site "Mercure Bradford, Bankfield Hotel"]
[Date "2023.04.15"]
[Round "6.30"]
[White "Galloway, Peter"]
[Black "Mitchell, Ian"]
[Result "1-0"]
[TimeControl "All moves in 15 minutes plus 10 second increment per move from move 1"]
[WhiteElo "1324"]
[BlackElo "1628"]

1. e4 {[%clk 00:15:18]} {[%emt 00:00:01]} c6 {[%clk 00:15:19]} {[%emt
00:00:01]} 2. Nf3 {[%clk 00:15:23]} {[%emt 00:00:05]} d5 {[%clk 00:15:24]}
{[%emt 00:00:06]} 3. exd5 {[%clk 00:15:27]} {[%emt 00:00:06]} cxd5 {[%clk
00:15:23]} {[%emt 00:00:11]} 4. d4 {[%clk 00:15:34]} {[%emt 00:00:03]} e6
{[%clk 00:15:06]} {[%emt 00:00:26]} 5. Be2 {[%clk 00:14:48]} {[%emt 00:00:56]}
Nf6 {[%clk 00:15:08]} {[%emt 00:00:08]} 6. O-O {[%clk 00:13:36]} {[%emt
00:01:22]} Bd6 {[%clk 00:14:43]} {[%emt 00:00:34]} 7. Ne5 {[%clk 00:12:25]}
{[%emt 00:01:23]} O-O {[%clk 00:13:22]} {[%emt 00:01:31]} 8. Bg5 {[%clk
00:11:16]} {[%emt 00:01:18]} Be7 {[%clk 00:13:17]} {[%emt 00:00:15]} 9. Bxf6
{[%clk 00:10:51]} {[%emt 00:00:36]} Bxf6 {[%clk 00:13:22]} {[%emt 00:00:05]} 10.
Nd2 {[%clk 00:10:14]} {[%emt 00:00:47]} Qc7 {[%clk 00:12:52]} {[%emt 00:00:40]}
11. Ndf3 {[%clk 00:10:17]} {[%emt 00:00:07]} Nc6 {[%clk 00:12:11]} {[%emt
00:00:51]} 12. Nxc6 {[%clk 00:09:59]} {[%emt 00:00:27]} Qxc6 {[%clk 00:12:16]}
{[%emt 00:00:05]} 13. Ne5 {[%clk 00:10:01]} {[%emt 00:00:08]} Qc7 {[%clk
00:11:35]} {[%emt 00:00:51]} 14. Ng4 {[%clk 00:10:00]} {[%emt 00:00:11]} Be7
{[%clk 00:11:32]} {[%emt 00:00:12]} 15. Rc1 {[%clk 00:09:46]} {[%emt 00:00:26]}
Bg5 {[%clk 00:10:50]} {[%emt 00:00:51]} 16. Rb1 {[%clk 00:09:44]} {[%emt
00:00:13]} Bd7 {[%clk 00:10:34]} {[%emt 00:00:26]} 17. Ne5 {[%clk 00:09:29]}
{[%emt 00:00:25]} Be8 {[%clk 00:09:27]} {[%emt 00:01:16]} 18. f4 {[%clk
00:09:29]} {[%emt 00:00:10]} Bf6 {[%clk 00:09:19]} {[%emt 00:00:17]} 19. Bd3
{[%clk 00:07:50]} {[%emt 00:01:50]} g6 {[%clk 00:08:09]} {[%emt 00:01:21]} 20.
c3 {[%clk 00:07:20]} {[%emt 00:00:41]} Bg7 {[%clk 00:07:44]} {[%emt 00:00:34]}
21. Qg4 {[%clk 00:07:06]} {[%emt 00:00:24]} f5 {[%clk 00:07:14]} {[%emt
00:00:40]} 22. Qg3 {[%clk 00:06:53]} {[%emt 00:00:23]} a6 {[%clk 00:07:06]}
{[%emt 00:00:19]} 23. Bc2 {[%clk 00:06:19]} {[%emt 00:00:42]} b5 {[%clk
00:06:44]} {[%emt 00:00:34]} 24. Rfe1 {[%clk 00:05:33]} {[%emt 00:00:56]} Bf7
{[%clk 00:05:53]} {[%emt 00:01:00]} 25. Rbc1 {[%clk 00:05:19]} {[%emt
00:00:24]} Qc8 {[%clk 00:04:58]} {[%emt 00:01:01]} 26. Bd1 {[%clk 00:04:30]}
{[%emt 00:01:03]} b4 {[%clk 00:03:55]} {[%emt 00:01:13]} 27. Ba4 {[%clk
00:03:57]} {[%emt 00:00:44]} bxc3 {[%clk 00:03:37]} {[%emt 00:00:27]} 28. Rxc3
{[%clk 00:03:56]} {[%emt 00:00:11]} Qb7 {[%clk 00:03:17]} {[%emt 00:00:28]} 29.
Bc6 {[%clk 00:03:33]} {[%emt 00:00:36]} Qxb2 {[%clk 00:03:24]} {[%emt
00:00:03]} 30. Bxa8 {[%clk 00:03:41]} {[%emt 00:00:02]} Qxc3 {[%clk 00:03:32]}
{[%emt 00:00:02]} 31. Qxc3 {[%clk 00:03:49]} {[%emt 00:00:02]} Rxa8 {[%clk
00:03:36]} {[%emt 00:00:06]} 32. Nxf7 {[%clk 00:03:57]} {[%emt 00:00:02]} Kxf7
{[%clk 00:03:43]} {[%emt 00:00:03]} 33. Qc7+ {[%clk 00:03:57]} {[%emt
00:00:10]} Kf6 {[%clk 00:03:42]} {[%emt 00:00:10]} 34. Qc6 {[%clk 00:03:39]}
{[%emt 00:00:28]} 1-0

[Event "British Rapidplay Championship 2023"]
[Site "Mercure Bradford, Bankfield Hotel"]
[Date "2023.04.15"]
[Round "6.31"]
[White "Cradock, Samir"]
[Black "Hutchinson, Stephen A"]
[Result "1-0"]
[TimeControl "All moves in 15 minutes plus 10 second increment per move from move 1"]
[WhiteElo "1530"]
[BlackElo "1142"]

1. d4 {[%clk 00:15:19]} d5 {[%clk 00:15:15]} {[%emt 00:00:05]} 2. c4 {[%clk
00:15:27]} {[%emt 00:00:02]} dxc4 {[%clk 00:15:20]} {[%emt 00:00:05]} 3. Nc3
{[%clk 00:15:35]} {[%emt 00:00:02]} Be6 {[%clk 00:15:18]} {[%emt 00:00:12]} 4.
e4 {[%clk 00:15:33]} {[%emt 00:00:13]} c6 {[%clk 00:15:23]} {[%emt 00:00:04]} 5.
d5 {[%clk 00:15:05]} {[%emt 00:00:38]} cxd5 {[%clk 00:15:31]} {[%emt 00:00:02]}
6. exd5 {[%clk 00:15:13]} {[%emt 00:00:02]} Bf5 {[%clk 00:15:16]} {[%emt
00:00:23]} 7. Bxc4 {[%clk 00:15:12]} {[%emt 00:00:13]} e6 {[%clk 00:15:14]}
{[%emt 00:00:11]} 8. Qa4+ {[%clk 00:14:21]} {[%emt 00:01:02]} Nd7 {[%clk
00:15:13]} {[%emt 00:00:10]} 9. Nf3 {[%clk 00:13:22]} {[%emt 00:01:10]} Ngf6
{[%clk 00:15:19]} {[%emt 00:00:02]} 10. Bg5 {[%clk 00:13:20]} {[%emt 00:00:12]}
h6 {[%clk 00:15:26]} {[%emt 00:00:03]} 11. Bh4 {[%clk 00:13:28]} {[%emt
00:00:03]} Be7 {[%clk 00:15:32]} {[%emt 00:00:04]} 12. dxe6 {[%clk 00:12:51]}
{[%emt 00:00:46]} fxe6 {[%clk 00:15:37]} {[%emt 00:00:04]} 13. Rd1 {[%clk
00:10:42]} {[%emt 00:02:19]} Qc7 {[%clk 00:15:26]} {[%emt 00:00:21]} 14. Bxf6
{[%clk 00:09:36]} {[%emt 00:01:18]} gxf6 {[%clk 00:14:52]} {[%emt 00:00:43]} 15.
Rxd7 {[%clk 00:08:52]} {[%emt 00:00:55]} Qxd7 {[%clk 00:14:56]} {[%emt
00:00:05]} 16. Bb5 {[%clk 00:09:01]} {[%emt 00:00:03]} Bc2 {[%clk 00:14:35]}
{[%emt 00:00:29]} 17. Bxd7+ {[%clk 00:09:04]} {[%emt 00:00:08]} Kd8 {[%clk
00:14:38]} {[%emt 00:00:05]} 18. Qxc2 {[%clk 00:09:09]} {[%emt 00:00:07]} Kxd7
{[%clk 00:14:43]} {[%emt 00:00:04]} 19. O-O {[%clk 00:09:15]} {[%emt 00:00:04]}
e5 {[%clk 00:14:48]} {[%emt 00:00:05]} 20. Rd1+ {[%clk 00:09:19]} {[%emt
00:00:06]} Ke6 {[%clk 00:14:52]} {[%emt 00:00:07]} 21. Qb3+ {[%clk 00:09:14]}
{[%emt 00:00:15]} Kf5 {[%clk 00:14:52]} {[%emt 00:00:09]} 22. Nh4+ {[%clk
00:08:57]} {[%emt 00:00:28]} Kg5 {[%clk 00:14:52]} {[%emt 00:00:09]} 23. g3
{[%clk 00:09:01]} {[%emt 00:00:06]} Bc5 {[%clk 00:14:55]} {[%emt 00:00:07]} 24.
Ne4+ {[%clk 00:09:09]} {[%emt 00:00:03]} Kg4 {[%clk 00:14:59]} {[%emt
00:00:05]} 25. Qe6+ {[%clk 00:08:58]} {[%emt 00:00:21]} Kh5 {[%clk 00:14:55]}
{[%emt 00:00:13]} 26. Qf5# {[%clk 00:09:04]} {[%emt 00:00:05]} 1-0

[Event "British Rapidplay Championship 2023"]
[Site "Mercure Bradford, Bankfield Hotel"]
[Date "2023.04.15"]
[Round "6.33"]
[White "Smith, Jacob"]
[Black "Bowmer, James"]
[Result "1-0"]
[TimeControl "All moves in 15 minutes plus 10 second increment per move from move 1"]
[WhiteElo "1513"]
[BlackElo "1531"]

1. e4 {[%clk 00:15:17]} {[%emt 00:00:02]} e5 {[%clk 00:15:19]} {[%emt
00:00:03]} 2. Nf3 {[%clk 00:15:26]} {[%emt 00:00:01]} Nc6 {[%clk 00:15:27]}
{[%emt 00:00:02]} 3. d4 {[%clk 00:15:34]} {[%emt 00:00:01]} exd4 {[%clk
00:15:35]} {[%emt 00:00:03]} 4. Nxd4 {[%clk 00:15:43]} {[%emt 00:00:01]} Bc5
{[%clk 00:15:42]} {[%emt 00:00:03]} 5. Be3 {[%clk 00:15:51]} {[%emt 00:00:01]}
Qf6 {[%clk 00:15:51]} {[%emt 00:00:01]} 6. c3 {[%clk 00:16:00]} {[%emt
00:00:01]} Nge7 {[%clk 00:15:55]} {[%emt 00:00:06]} 7. Bc4 {[%clk 00:16:09]}
{[%emt 00:00:01]} O-O {[%clk 00:15:50]} {[%emt 00:00:15]} 8. Nxc6 {[%clk
00:16:17]} {[%emt 00:00:02]} Bxe3 {[%clk 00:15:39]} {[%emt 00:00:21]} 9. Nxe7+
{[%emt 00:00:20]} Qxe7 {[%clk 00:15:26]} {[%emt 00:00:05]} 10. fxe3 {[%clk
00:16:34]} {[%emt 00:00:02]} Qxe4 {[%clk 00:15:29]} {[%emt 00:00:07]} 11. Qe2
{[%clk 00:15:29]} {[%emt 00:01:15]} Re8 {[%clk 00:15:16]} {[%emt 00:00:22]} 12.
O-O {[%clk 00:14:38]} {[%emt 00:01:02]} Qxe3+ {[%clk 00:15:21]} {[%emt
00:00:05]} 13. Qxe3 {[%clk 00:14:47]} {[%emt 00:00:01]} Rxe3 {[%clk 00:15:29]}
{[%emt 00:00:02]} 14. Rxf7 {[%clk 00:14:41]} {[%emt 00:00:15]} d5 {[%clk
00:12:10]} {[%emt 00:03:30]} 15. Bxd5 {[%clk 00:14:49]} {[%emt 00:00:01]} Be6
{[%clk 00:12:18]} {[%emt 00:00:02]} 16. Re7 {[%clk 00:14:52]} {[%emt 00:00:06]}
Rf8 {[%clk 00:11:31]} {[%emt 00:00:58]} 17. Rxe6 {[%clk 00:14:36]} {[%emt
00:00:26]} Rxe6 {[%clk 00:10:38]} {[%emt 00:01:05]} 18. Bxe6+ {[%clk 00:14:44]}
{[%emt 00:00:01]} Kh8 {[%clk 00:10:47]} {[%emt 00:00:01]} 19. Nd2 {[%clk
00:14:47]} {[%emt 00:00:07]} Re8 {[%clk 00:10:53]} {[%emt 00:00:03]} 20. Bg4
{[%clk 00:14:51]} {[%emt 00:00:06]} Rd8 {[%clk 00:10:51]} {[%emt 00:00:13]} 21.
Rd1 {[%clk 00:14:59]} {[%emt 00:00:02]} b6 {[%clk 00:10:58]} {[%emt 00:00:03]}
22. Ne4 {[%clk 00:15:05]} {[%emt 00:00:04]} Re8 {[%clk 00:10:41]} {[%emt
00:00:26]} 23. Rd7 {[%clk 00:15:11]} {[%emt 00:00:06]} g6 {[%clk 00:10:34]}
{[%emt 00:00:17]} 24. Nf6 {[%clk 00:15:18]} {[%emt 00:00:02]} 1-0

[Event "British Rapidplay Championship 2023"]
[Site "Mercure Bradford, Bankfield Hotel"]
[Date "2023.04.15"]
[Round "6.34"]
[White "Parr, Thomas"]
[Black "Appleyard, Tim"]
[Result "1-0"]
[TimeControl "All moves in 15 minutes plus 10 second increment per move from move 1"]
[WhiteElo "1324"]
[BlackElo "1139"]

1. d4 {[%clk 00:15:17]} {[%emt 00:00:03]} d5 {[%clk 00:15:17]} {[%emt
00:00:03]} 2. c4 {[%clk 00:15:25]} {[%emt 00:00:02]} c6 {[%clk 00:15:21]}
{[%emt 00:00:06]} 3. Nf3 {[%clk 00:15:31]} {[%emt 00:00:04]} Nf6 {[%clk
00:14:55]} {[%emt 00:00:36]} 4. e3 {[%clk 00:15:36]} {[%emt 00:00:04]} e6
{[%clk 00:14:50]} {[%emt 00:00:17]} 5. Nc3 {[%clk 00:15:39]} {[%emt 00:00:07]}
c5 {[%clk 00:14:02]} {[%emt 00:00:58]} 6. b3 {[%clk 00:15:33]} {[%emt
00:00:16]} Qa5 {[%clk 00:13:34]} {[%emt 00:00:38]} 7. Bd2 {[%clk 00:15:26]}
{[%emt 00:00:17]} cxd4 {[%clk 00:13:08]} {[%emt 00:00:34]} 8. exd4 {[%clk
00:15:17]} {[%emt 00:00:20]} dxc4 {[%emt 00:00:22]} 9. Bxc4 {[%clk 00:15:07]}
{[%emt 00:00:18]} Bb4 {[%clk 00:12:58]} {[%emt 00:00:10]} 10. Nb5 {[%clk
00:14:15]} {[%emt 00:01:02]} Ne4 {[%clk 00:12:01]} {[%emt 00:01:07]} 11. Nc7+
{[%clk 00:13:19]} {[%emt 00:01:06]} Kd8 {[%clk 00:09:46]} {[%emt 00:02:26]} 12.
Nxa8 {[%clk 00:13:24]} {[%emt 00:00:05]} Bxd2+ {[%clk 00:09:53]} {[%emt
00:00:03]} 13. Nxd2 {[%clk 00:13:30]} {[%emt 00:00:02]} b5 {[%clk 00:09:44]}
{[%emt 00:00:20]} 14. Bd3 {[%clk 00:13:21]} {[%emt 00:00:19]} Bb7 {[%clk
00:09:39]} {[%emt 00:00:16]} 15. a3 {[%clk 00:12:49]} {[%emt 00:00:41]} Bxa8
{[%emt 00:00:29]} 16. b4 {[%clk 00:12:52]} {[%emt 00:00:06]} Qc7 {[%clk
00:09:00]} {[%emt 00:00:31]} 17. Bxe4 {[%clk 00:12:31]} {[%emt 00:00:30]} Bxe4
{[%clk 00:08:52]} {[%emt 00:00:19]} 18. Nxe4 {[%clk 00:12:38]} {[%emt
00:00:03]} Ke7 {[%clk 00:07:19]} {[%emt 00:01:44]} 19. O-O {[%clk 00:12:40]}
{[%emt 00:00:07]} h5 {[%clk 00:07:05]} {[%emt 00:00:25]} 20. Nc5 {[%clk
00:12:33]} {[%emt 00:00:17]} h4 {[%clk 00:06:45]} {[%emt 00:00:29]} 21. h3
{[%clk 00:12:31]} {[%emt 00:00:12]} f5 {[%clk 00:06:51]} {[%emt 00:00:05]} 22.
Rc1 {[%clk 00:12:27]} {[%emt 00:00:13]} g5 {[%clk 00:06:59]} {[%emt 00:00:02]}
23. Nxe6 {[%clk 00:12:23]} {[%emt 00:00:14]} Qd6 {[%clk 00:04:35]} {[%emt
00:02:35]} 24. Nxg5 {[%clk 00:12:20]} {[%emt 00:00:12]} Rg8 {[%clk 00:04:28]}
{[%emt 00:00:17]} 25. Re1+ {[%clk 00:12:03]} {[%emt 00:00:27]} Kf6 {[%clk
00:04:36]} {[%emt 00:00:02]} 26. Re6+ {[%clk 00:12:09]} {[%emt 00:00:04]} Qxe6
{[%clk 00:04:26]} {[%emt 00:00:20]} 27. Nxe6 {[%clk 00:12:16]} {[%emt
00:00:03]} Kxe6 {[%clk 00:04:34]} {[%emt 00:00:02]} 28. Qb3+ {[%clk 00:12:23]}
{[%emt 00:00:03]} Kd6 {[%clk 00:03:50]} {[%emt 00:01:32]} 29. Qxg8 {[%clk
00:13:38]} {[%emt 00:00:02]} Nc6 {[%clk 00:03:52]} {[%emt 00:00:08]} 30. Rxc6+
{[%clk 00:13:44]} {[%emt 00:00:04]} Kxc6 {[%emt 00:00:03]} 31. Qe6+ {[%clk
00:13:49]} {[%emt 00:00:03]} Kb7 {[%clk 00:03:57]} {[%emt 00:00:14]} 32. Qxf5
{[%clk 00:13:57]} {[%emt 00:00:01]} a5 {[%clk 00:04:02]} {[%emt 00:00:06]} 33.
bxa5 {[%clk 00:14:04]} {[%emt 00:00:02]} Ka6 {[%emt 00:00:05]} 34. d5 {[%clk
00:14:01]} {[%emt 00:00:10]} Kxa5 {[%emt 00:00:07]} 35. d6 {[%emt 00:00:05]}
Ka4 {[%clk 00:04:19]} {[%emt 00:00:02]} 36. d7 {[%clk 00:14:16]} {[%emt
00:00:02]} b4 {[%clk 00:04:24]} {[%emt 00:00:05]} 37. axb4 {[%clk 00:14:24]}
{[%emt 00:00:02]} Kxb4 {[%clk 00:04:32]} {[%emt 00:00:03]} 38. d8=Q {[%clk
00:14:21]} {[%emt 00:00:13]} Kc4 {[%clk 00:04:37]} {[%emt 00:00:05]} 39. Qe4+
{[%clk 00:14:24]} {[%emt 00:00:07]} 1-0

[ePGN "0.1;DGT LiveChess/2.2.5"]

[Event "British Rapidplay Championship 2023"]
[Site "Mercure Bradford, Bankfield Hotel"]
[Date "2023.04.16"]
[Round "7.1"]
[White "Ackley, Peter JE"]
[Black "Rogers, Bernard A"]
[Result "1-0"]
[TimeControl "All moves in 15 minutes plus 10 second increment per move from move 1"]
[WhiteElo "2010"]
[BlackElo "1772"]

1. c4 {[%clk 00:15:19]} {[%emt 00:14:56]} e5 {[%clk 00:15:19]} {[%emt
00:00:02]} 2. Nc3 {[%clk 00:15:24]} {[%emt 00:00:05]} Nf6 {[%clk 00:15:27]}
{[%emt 00:00:01]} 3. Nf3 {[%clk 00:15:33]} {[%emt 00:00:02]} Nc6 {[%clk
00:15:36]} {[%emt 00:00:01]} 4. e3 {[%clk 00:15:42]} {[%emt 00:00:01]} Bb4
{[%clk 00:15:32]} {[%emt 00:00:14]} 5. Qc2 {[%clk 00:15:49]} {[%emt 00:00:03]}
O-O {[%clk 00:15:39]} {[%emt 00:00:03]} 6. Nd5 {[%clk 00:15:48]} {[%emt
00:00:11]} Be7 {[%clk 00:15:38]} {[%emt 00:00:11]} 7. a3 {[%clk 00:15:34]}
{[%emt 00:00:24]} d6 {[%clk 00:15:45]} {[%emt 00:00:03]} 8. b4 {[%clk
00:15:34]} {[%emt 00:00:10]} h6 {[%clk 00:14:55]} {[%emt 00:01:00]} 9. Bb2
{[%clk 00:15:38]} {[%emt 00:00:06]} Bg4 {[%clk 00:14:44]} {[%emt 00:00:21]} 10.
Be2 {[%clk 00:15:38]} {[%emt 00:00:10]} Nxd5 {[%clk 00:14:38]} {[%emt
00:00:16]} 11. cxd5 {[%clk 00:15:45]} {[%emt 00:00:03]} Nb8 {[%clk 00:14:46]}
12. d4 {[%clk 00:15:22]} {[%emt 00:00:34]} f6 {[%clk 00:13:37]} {[%emt
00:01:19]} 13. O-O {[%clk 00:14:48]} {[%emt 00:00:44]} Nd7 {[%clk 00:13:30]}
{[%emt 00:00:17]} 14. Rfd1 {[%clk 00:14:14]} {[%emt 00:00:44]} Nb6 {[%clk
00:11:51]} {[%emt 00:01:50]} 15. Rac1 {[%clk 00:13:52]} {[%emt 00:00:32]} Rc8
{[%clk 00:11:31]} {[%emt 00:00:30]} 16. a4 {[%clk 00:13:03]} {[%emt 00:00:58]}
Kh8 {[%clk 00:09:40]} {[%emt 00:02:02]} 17. e4 {[%clk 00:11:35]} {[%emt
00:01:37]} c6 {[%clk 00:09:24]} {[%emt 00:00:26]} 18. dxc6 {[%clk 00:11:18]}
{[%emt 00:00:27]} Rxc6 {[%clk 00:09:31]} {[%emt 00:00:04]} 19. Qb3 {[%clk
00:11:11]} {[%emt 00:00:16]} Bxf3 {[%clk 00:09:03]} {[%emt 00:00:38]} 20. Bxf3
{[%clk 00:11:05]} {[%emt 00:00:16]} Rxc1 {[%clk 00:08:05]} {[%emt 00:01:08]} 21.
Rxc1 {[%clk 00:10:25]} {[%emt 00:00:50]} Qd7 {[%clk 00:08:04]} {[%emt
00:00:11]} 22. a5 {[%clk 00:10:20]} {[%emt 00:00:15]} Na8 {[%clk 00:05:59]}
{[%emt 00:02:16]} 23. Qc4 {[%clk 00:10:11]} {[%emt 00:00:18]} b6 {[%clk
00:05:52]} {[%emt 00:00:18]} 24. Bd1 {[%clk 00:09:08]} {[%emt 00:01:12]} f5
{[%clk 00:05:18]} {[%emt 00:00:44]} 25. dxe5 {[%clk 00:08:27]} {[%emt
00:00:52]} dxe5 {[%clk 00:04:54]} {[%emt 00:00:34]} 26. Bxe5 {[%clk 00:08:24]}
{[%emt 00:00:13]} Bg5 {[%clk 00:04:49]} {[%emt 00:00:14]} 27. f4 {[%clk
00:07:46]} {[%emt 00:00:48]} Bf6 {[%clk 00:04:54]} {[%emt 00:00:05]} 28. Bxf6
{[%clk 00:07:15]} {[%emt 00:00:41]} gxf6 {[%clk 00:04:59]} {[%emt 00:00:05]} 29.
Qd5 {[%clk 00:06:29]} {[%emt 00:00:56]} Qa4 {[%clk 00:04:06]} {[%emt 00:01:03]}
30. Bxa4 {[%clk 00:06:12]} {[%emt 00:00:27]} 1-0